000 00485nam a22001937a 4500
003 MPLRDC
005 20220104113705.0
008 210129b ||||| |||| 00| 0 eng d
020 _a957-583-697-9
082 _a874.6 YOU-2
100 _aBETTIE B. YOUNGS
245 _a来自心田的礼物
_c廖瑞雯 译
250 _a初版
260 _a台湾
_b晨星出版社
_c1999
300 _b308
490 _a劲草丛书
650 _a美国文学杂著
942 _cBK
_o874.6 YOU-2
999 _c1593
_d1583